What are you referring to? (Record no. 74854)

MARC details
000 -LEADER
fixed length control field 01566cab a2200217 4500
001 - CONTROL NUMBER
control field ABS68694
008 - FIXED-LENGTH DATA ELEMENTS--GENERAL INFORMATION
fixed length control field 050228n2005 000 0 eng u
035 ## - SYSTEM CONTROL NUMBER
System control number (Sirsi) u128904
100 ## - MAIN ENTRY--PERSONAL NAME
Personal name Lewis, S.
245 ## - TITLE STATEMENT
Title What are you referring to?
260 ## - PUBLICATION, DISTRIBUTION, ETC.
Date of publication, distribution, etc. 2005
490 ## - SERIES STATEMENT
Series statement Building
Volume/sequential designation 270(8368) 11 February 2005, 66(1)
520 ## - SUMMARY, ETC.
Summary, etc. Refers to problems with terms and conditions which are often incorporated into contracts. Argues that there are two approaches which can be used when examining the correct terms of contract between two parties. The first was the approach adopted in "Nicolene Ltd v Simmonds" ([1953] 1 QB 543) where the blue pencil test was used where the contract is examined and a decision is made whether it would work if all references to the other terms and conditions were deleted. The other approach was made in "Ove Arup and Partners International Ltd and another v Mirant Asia-Pacific Construction (Hong Kong) Ltd and another" ([2003] EWCA Civ 1729, [2004] BLR 75). Here it was found that the defendant had agreed to a proposal which covered FIDIC terms and the fact that at the relevant time no design agreement using the terms had been entered into did not justify striking out any reference to it.
590 ## - LOCAL NOTE (RLIN)
Local note ABS
650 ## - SUBJECT ADDED ENTRY--TOPICAL TERM
Topical term or geographic name entry element OVE ARUP AND PARTNERS INTERNATIONAL LTD AND ANOTHER V MIRANT ASIA-PACIFIC CONSTRUCTION (HONG KONG) LTD AND ANOTHER
650 ## - SUBJECT ADDED ENTRY--TOPICAL TERM
Topical term or geographic name entry element FIDIC CONDITIONS OF CONTRACT
650 ## - SUBJECT ADDED ENTRY--TOPICAL TERM
Topical term or geographic name entry element NICOLENE LTD V SIMMONDS
650 ## - SUBJECT ADDED ENTRY--TOPICAL TERM
Topical term or geographic name entry element CONTRACT DISPUTES
690 ## - LOCAL SUBJECT ADDED ENTRY--TOPICAL TERM (OCLC, RLIN)
Topical term or geographic name as entry element BUILT ENVIRONMENT-BUILDING CONTRACT FORMS
942 ## - ADDED ENTRY ELEMENTS (KOHA)
Suppress in OPAC 0
Holdings
Withdrawn status Lost status Source of classification or shelving scheme Damaged status Not for loan Home library Current library Shelving location Date acquired Total Checkouts Full call number Barcode Date last seen Copy number Price effective from Koha item type
    Dewey Decimal Classification     London London Journal article 28/02/2005   ABS68694 128904-1001 06/08/2019 1 06/08/2019 Journal article